Biblioteca

Great leaders of the Christian church (Registro nro. 66423)

Detalles MARC
000 -LÍDER
Campo fijo de descripción fija 04633pam a2200373 i 4500
001 - NÚMERO DE CONTROL
Campo de control 768714001
003 - IDENTIFICADOR DEL NÚMERO DE CONTROL
Campo de control CO-MdFUSB
005 - FECHA Y HORA DE LA ULTIMA TRANSACCIÓN
control field 20210610104340.0
007 - CAMPO FIJO DE DESCRIPCIÓN FIJA--INFORMACIÓN GENERAL
Campo fijo de descripción fija ta
008 - ELEMENTOS DE LONGITUD FIJA -- INFORMACIÓN GENERAL
Campo fijo de descripción fija -- Información general 871223t1988 ilua b 001 0ceng
010 ## - NÚMERO DE CONTROL DE LA BIBLIOTECA DEL CONGRESO
Número de control LC 87034974
020 ## - NÚMERO INTERNACIONAL NORMALIZADO PARA LIBROS
Número Internacional Normalizado del libro 0802490514
040 ## - FUENTE DE CATALOGACIÓN
Agencia de catalogación original DLC
Agencia que realiza la transcripción CO-MdFUSB
Agencia que realiza la modificación CPU
-- CO-MdFUSB
Idioma de catalogación spa
Convenciones de la descripción rda
041 ## - CÓDIGO DE IDIOMA
Código de idioma para texto/pista de sonido o título separado eng
082 ## - NÚMERO DE CLASIFICACIÓN DECIMAL DEWEY
Número de la edición del Dewey 23
Número de clasificación 270.092
Clave de autor-Numero de item G786
090 ## - SIGNATURA TOPOGRÁFICA LOCAL
Número de clasificación local BR 1700.2 .G74 1988
240 ## - TITULO UNIFORME
Título uniforme <a href="Grandes líderes de la iglesia.">Grandes líderes de la iglesia.</a>
245 00 - TÍTULO
Título del Material Great leaders of the Christian church
Mención de responsabilidad, etc. / editado por John D. Woodbridge
264 #1 - PRODUCCIÓN, PUBLICACIÓN, DISTRIBUCIÓN, MANUFACTURA, Y COPYRIGHT
Lugar de producción, publicación, distribución, manufactura Chicago :
Nombre del productor, publicador, distribuidor Moody Press,
Fecha de producción, publicación, distribución, manufactura, o copyright [1988]
264 #4 - PRODUCCIÓN, PUBLICACIÓN, DISTRIBUCIÓN, MANUFACTURA, Y COPYRIGHT
Fecha de producción, publicación, distribución, manufactura, o copyright © 1988
300 ## - DESCRIPCIÓN FÍSICA
Extensión 384 pàginas. :
Otros detalles físicos ilustraciones a color. ;
Dimensiones 24 cm.
336 ## - TIPO DE CONTENIDO
Fuente rdacontent
Término de tipo de contenido texto
Código de tipo de contenido tdi
337 ## - TIPO DE MEDIO
Fuente rdamedia
Nombre del tipo de medio otro
Código del tipo de medio n
338 ## - TIPO DE SOPORTE
Fuente rdacarrier
Nombre del tipo de soporte volumen
Código Tipo de soporte nc
504 ## - NOTA DE BIBLIOGRAFÍA, ETC.
Nota de bibliografía, etc Bibliografía: (páginas. 372-379 ) Incluye índice.
505 ## - NOTA DE CONTENIDO
Nota de contenido con formato preestablecido Peter / DA Carson - Paul / FF Bruce - Mapa: los viajes misioneros de Paul - John / Leon Morris - Ignacio de Antioquía / Edwin M. Yamauchi - Justin Martyr / Edwin M. Yamauchi - Irenaeus / Everett Ferguson - Diagrama de tiempo: AD 1-300 - Tertuliano / Gerald L. Bray - Origen / Robert V. Schnucker - Cipriano de la Iglesia Cartago / Michael A. Smith - Atanasio / Gerald L. Bray - Basilio el Grande y el monasticismo oriental / Michael A. Smith - Los primeros monjes - Diagrama: 300-600 - Jerome / Everett Ferguson - John Chrysostom / David F. Wright - Agustín de Hippo / Ronald H. Nash - Leo el Grande / Everett Ferguson - Patrick / Caroline T. Marshall - Columba / Robert D. Linder - Gregory the Great / Robert G. Clouse - The Venerable Bede / Caroline T. Marshall - Timechart: 600-1000 - - Bonifacio / Harold OJ Brown - Alcuin / James H. Pain - Anselmo de Canterbury / H. Dermot McDonald - Las Cruzadas - Bernard of Clairvaux / Harold OJ Brown - Timechart 1000-1400 - Peter Abelard / James H Dolor - Monasticismo<br/>medieval - Thomas Beckett / Robert G. Clouse - Papa Inocencio III / Thomas Kay - Francisco de Asís / Rodney L. Petersen - Thomas Aquinas / H. Dermot McDonald - John Wyclif / ANS Lane - Catalina de Siena / Caroline T. Marshall - John Hus / ANS Lane - Martin Luther / W. Robert Godfrey - Ulrich (Huldrych) Zwingli / Geoffrey W. Bromiley - William Tyndale / ANS Lane - John Calvin / James I. Packer - Thomas Cranmer / Peter Toon - Ignatius Loyola / Robert D. Linder - Diagrama: 1400-1700 - Religiones de Europa en 1600 - Francis Xavier / Robert D. Linder - Menno Simons / Kenneth R. Davis - John Knox / JD Douglas - Teresa de Ávila / Caroline T. Marshall - Blaise Pascal / Peter Toon - John Owen / Peter Toon - John Bunyan / Roger Pooley - ñGeorge Fox / Arthur O. Roberts - Philipp Jakob Spener / Ian Sellers - Jonathan Edwards / Paul Helm - John y Charles Wesley / A. Skevington Wood - George Whitefield / Arnold A. Dallimore - William Wilberforce / John C. Pollock - William Carey / Ruth Tucker -<br/>Elizabeth Fry / David W. Bebbington - Diagrama: 1700-2000 - Charles Grandison Finney / Garth Rosell - George Mùller / Cyril J. Davey - Sören Kierkegaard / C. Stephen Evans - David Livingston / Brian Stanley - CH Spurgeon / David W. Bebbington -DL Moody / John C. Pollock - BB Warfield / Roger Nicole -Karl Barth / Geoffrey W. Bromiley - Dietrich Bonhoeffer / Richard V. Pierard - CS Lewis / Lyle W. Dorsett - Billy Graham / John C. Pollock - Francis Schaeffer / David Porter.
520 ## - NOTA DE RESUMEN, ETC.
Nota de sumario, etc. Vea cómo Dios usó santos defectuosos para hacer su voluntad, guiando a diferentes personalidades para hacer su obra. El libro es imprescindible para aquellos que estén interesados ​​en la vida de los cristianos a lo largo de la historia de la iglesia ... [El libro] cubre desde el apóstol Peter y Paul hasta el evangelista Billy Graham (... 64 personas) ... [No] está destinado a ser un trabajo integral, sino una introducción a sus vidas para que podamos comenzar a familiarizarnos con ellos. Y si desea estudiar más a fondo a las personas, hay una sección de "Lecturas adicionales" al final del libro ... Cubre a las personas más influyentes ... a lo largo de la historia de la iglesia ... hay un tratamiento limitado para Padres de la Iglesia del Este (es decir, no hay cobertura para los Padres Capadocios) ... El libro es colorido y tiene muchas imágenes para que la lectura sea interesante e inspiradora. También tiene un útil cuadro de líneas de tiempo para que cada persona muestre la visión de su vida rápidamente ".
563 ## - NOTA DE ENCUADERNACIÓN
Nota de encuadernación Rústico
650 #0 - ASIENTO SECUNDARIO DE MATERIA - TERMINO TEMÁTICO
Término temático o nombre geográfico como elemento de entrada Biografías cristianas
9 (RLIN) 1238
700 1# - ASIENTO SECUNDARIO - NOMBRE PERSONAL
Nombre personal Woodbridge, John D.,
Fechas asociadas con el nombre 1941-
Responsabilidad editor
942 ## - TIPO DE MATERIAL (KOHA)
Tipo de Item KOHA Libros General
945 ## - INFORMACIÓN LOCAL DEL REGISTRO
Catalogador JTF-925
Existencias
Estado de Material Estado de Perdido Forma de Clasificación Estado de Dañado No para Préstamo Colección Biblioteca de Origen Biblioteca Permanente Fecha de Adquisición Área Total de Préstamos Signatura Topográfica Código de Barras Última vez visto Ejemplar/Existencia Fecha de Remplazo Tipo de Material
    Dewey Decimal Classification     Colección General Biblioteca FUSBC Biblioteca FUSBC 04/07/2020 BIOGRAFIA   G 270.092 G786gr 5022 09/10/2025 Ej.1 04/07/2020 Libros General

Biblioteca FUSBC | Teléfono: (57+4) 349 88 10 Ext. 141| WhatsApp (+57) 3005338115 
E-mail: biblioteca@unisbc.edu.co | Calle 76 87-14 Robledo Palenque, Medellín, Colombia

Con tecnología Koha